Physiology and post-harvest management of horticultural corps / (Record no. 125)
[ view plain ]
| 000 -LEADER | |
|---|---|
| fixed length control field | 00862nam a22002297a 4500 |
| 001 - CONTROL NUMBER | |
| control field | BD-DhSAU 125 |
| 003 - CONTROL NUMBER IDENTIFIER | |
| control field | BD-DhSAU |
| 005 - DATE AND TIME OF LATEST TRANSACTION | |
| control field | 20140609110005.0 |
| 008 - FIXED-LENGTH DATA ELEMENTS--GENERAL INFORMATION | |
| fixed length control field | 140119b ii a|||| |||| 001 0 eng d |
| 020 ## - INTERNATIONAL STANDARD BOOK NUMBER | |
| International Standard Book Number | 818321004X |
| 040 ## - CATALOGING SOURCE | |
| Transcribing agency | BD-DhSAU |
| 082 ## - DEWEY DECIMAL CLASSIFICATION NUMBER | |
| Edition number | 22 |
| Classification number | 635 / SIP |
| 100 ## - MAIN ENTRY--PERSONAL NAME | |
| Personal name | Singh, D. K. |
| 245 ## - TITLE STATEMENT | |
| Title | Physiology and post-harvest management of horticultural corps / |
| Statement of responsibility, etc. | D.K. Singh and S. K. Singh |
| 260 ## - PUBLICATION, DISTRIBUTION, ETC. (IMPRINT) | |
| Place of publication, distribution, etc. | Udaipur, India : |
| Name of publisher, distributor, etc. | Agrotech Publishing Academy. |
| Date of publication, distribution, etc. | 2005 |
| 300 ## - PHYSICAL DESCRIPTION | |
| Extent | xii, 232 p. : |
| Other physical details | ill. ; |
| Dimensions | 22 cm. |
| 650 ## - SUBJECT ADDED ENTRY--TOPICAL TERM | |
| Topical term or geographic name as entry element | Horticulture |
| 650 ## - SUBJECT ADDED ENTRY--TOPICAL TERM | |
| Topical term or geographic name as entry element | Post harvest management |
| 700 ## - ADDED ENTRY--PERSONAL NAME | |
| Personal name | Singh, S. K. |
| 856 ## - ELECTRONIC LOCATION AND ACCESS | |
| Uniform Resource Identifier | <a href="http://books.google.com.bd/books?id=tEqoAAAACAAJ&dq=818321004X&hl=en&sa=X&ei=RW_bUuvrFsa4rgedsoHwDw&redir_esc=y">http://books.google.com.bd/books?id=tEqoAAAACAAJ&dq=818321004X&hl=en&sa=X&ei=RW_bUuvrFsa4rgedsoHwDw&redir_esc=y</a> |
| 856 ## - ELECTRONIC LOCATION AND ACCESS | |
| Uniform Resource Identifier | <a href="http://www.amazon.com/gp/search?index=books&linkCode=qs&keywords=818321004X">http://www.amazon.com/gp/search?index=books&linkCode=qs&keywords=818321004X</a> |
| 942 ## - ADDED ENTRY ELEMENTS (KOHA) | |
| Source of classification or shelving scheme | Dewey Decimal Classification |
| Koha item type | Book |
| Withdrawn status | Lost status | Source of classification or shelving scheme | Damaged status | Not for loan | Home library | Branch Name | Date acquired | Total Checkouts | Full call number | Barcode | Date last seen | Price effective from | Koha item type | Coded location qualifier | Shelving location | Coded location qualifier |
|---|---|---|---|---|---|---|---|---|---|---|---|---|---|---|---|---|
| Dewey Decimal Classification | SAU Library | SAU Library | 03/09/2009 | 635 / SIP | 35930 | 19/01/2014 | 19/01/2014 | Book | ||||||||
| Dewey Decimal Classification | SAU Library | SAU Library | 03/09/2009 | 635 / SIP | 35929 | 19/01/2014 | 19/01/2014 | Book | ||||||||
| Dewey Decimal Classification | SAU Library | SAU Library | 03/09/2009 | 635 / SIP | 35928 | 16/04/2015 | 16/04/2015 | Book | | | General Stacks | | |
